000 00478nam a2200157Ia 4500
008 250806s9999||||xx |||||||||||||| ||und||
020 _a8180613941
060 _aWY 161
_b.E26 2005
100 _aEbnezar, John.
245 0 _aOrthopaedics for Nurses /
_cJohn Ebnezar.
260 _aNew Delhi :
_bJaypee Brothers Medical Publishers (P) Ltd,
_c2005
300 _axii, 437 p. :
_bill.
_c21 cm.
504 _aIncludes index.
650 _aOrthopaedics for Nurses
942 _bDIMC
_cBK
999 _c26744
_d26744